书目信息 |
| 题名: |
国内UFO目击报告集萃
|
|
| 作者: | 飞碟探索编辑部 编 | |
| 分册: | ||
| 出版信息: | 兰州 甘肃科学技术出版社 1999.3 |
|
| 页数: | 216页 | |
| 开本: | 32开 | |
| 丛书名: | 飞碟探索丛书 | |
| 单 册: | ||
| 中图分类: | V11-49 | |
| 科图分类: | ||
| 主题词: | 航空--发展 , 航天--发展 , 空间探索 | |
| 电子资源: | ||
| ISBN: | 7-5424-0378-8 | |
| 000 | 00723nam0 2200253 45 | |
| 001 | 0012071036 | |
| 005 | 20031219104048.1 | |
| 010 | @a7-5424-0378-8@dCNY10.00 | |
| 100 | @a20001207d1999 km y0chiy0120 ea | |
| 101 | 0 | @achi |
| 105 | @a z 000yy | |
| 200 | 1 | @a国内UFO目击报告集萃@AGuo Nei UFO Mu Ji Bao Gao Ji Cui@f飞碟探索编辑部编@FFei Die Tan Suo Bian Ji Bu Bian |
| 205 | @a2版 | |
| 210 | @a兰州@c甘肃科学技术出版社@d1999.3 | |
| 215 | @a216页@d32开 | |
| 225 | @a飞碟探索丛书 | |
| 410 | @12001 @a飞碟探索丛书 | |
| 606 | 0 | @a航空@x发展 |
| 606 | 0 | @a航天@x发展 |
| 606 | 0 | @a空间探索 |
| 690 | @aV11-49@v2 | |
| 701 | 0 | @a飞碟探索编辑部@4编 |
| 801 | @aCN@bTSTC@c20001207 | |
| 905 | @b293948-950@dV11-49@e11=2@f3 | |
| 国内UFO目击报告集萃/飞碟探索编辑部编.-2版.-兰州:甘肃科学技术出版社,1999.3 |
| 216页;32开.-(飞碟探索丛书) |
| ISBN 7-5424-0378-8:CNY10.00 |
| ● |
| 相关链接 |
|
|
|
|
正题名:国内UFO目击报告集萃
索取号:V11-49/11=2
 
预约/预借
| 序号 | 登录号 | 条形码 | 馆藏地/架位号 | 状态 | 备注 |
| 1 | 0293948 | 002939486 | 第三借阅区/ [索取号:V11-49/11=2] | 在馆 | |
| 2 | 0293949 | 002939495 | 第三借阅区/ [索取号:V11-49/11=2] | 在馆 | |
| 3 | 0293950 | 002939501 | 第二样本阅览室/ [索取号:V11-49/11=2] | 在馆 |